00611nam a2200169Ia 4500008004000000020001800040082001700058100002300075245003700098260006100135300001200196650004200208690000800250906001100258999001900269952015300288210210b2001 xxu||||| |||| 00| 0 eng d a81 203 1831 5 a658.403 HONK aHONEYCUTT (Jerry). aKnowledge management strategies. aNew Delhi.bPrentice-Hall of India Private Limitedc2001 axxv,239 aKnowledge Management Strategies MIS  aMIS a056407 c103846d103846 001040708ManagementaALbALcManagementd2021-02-17eBook World, Mangalore.g395.00l0o658.403 HONKp056407r2021-02-17 00:00:00w2021-02-17yBK